Bigger But Smaller- Countries - Statistics

General Stats
  • This quiz has been taken 18 times
  • The average score is 6 of 10
Answer Stats
Hint Hint % Correct
*Any* Easy-Bigger Than India China/United States/Brazil/Australia But Smaller Than Canada
100%
*North America*Bigger Than Grenada St.Vincent and The Grenadines/Barbados But Smaller Than Antigua And Barbuda
83%
*Asia* Bigger Than Peru Iran/Mongolia But Smaller Than Libya
75%
*North America* Bigger Than Israel Belize/El Salvador But Smaller Than Djibouti
67%
*Oceania* Bigger Than Monaco Nauru/Tuvalu But Smaller Than San Marino
67%
*Africa* Bigger than South Africa Angola/Mali But Smaller Than Niger
58%
*Africa* Bigger Than Honduras Eritrea/Benin But Smaller Than Malawi
58%
*Europe* Bigger than Jordan Portugal/Hungary But Smaller Than South Korea
58%
*Africa*Bigger Than Ukraine Somalia/Central African Republic But Smaller Than France
58%
Hard-Bigger Than Eswatini Kuwait But Smaller Than Fiji
8%
No matching quizzes found
Score Distribution
Percent of People with Each Score
Percentile by Number Answered
Your Score History
You have not taken this quiz